000
00275 a2200109 4500
020
_a
9780060173074
041
_a
eng
100
_a
Schlessinger, Laura.
245
_a
How could you do that?! : the abdication of character, courage, and conscience
942
_c
BK
999
_c
3435
_d
3435
999
_d
3435